| 000 | 00512nam a2200145 4500 | ||
|---|---|---|---|
| 999 |
_c39599 _d39599 |
||
| 082 | _aRQ.0020 | ||
| 100 | _aAkundy, Anand | ||
| 245 |
_aCommunity participation initiatives of the Indian health Sector: _bAn anthropological study using the capability approach |
||
| 260 |
_aNew Delhi : _bIndian Council of Social Science Research, |
||
| 300 | _a141p. | ||
| 650 | _aCommunity programs, Urban | ||
| 650 | _aCommunity health services--Citizen participation | ||
| 650 | _aInvolvement (Philosophy) | ||
| 942 |
_2ddc _cRP |
||